[Event "FishPartners Open 2018"]
[Site "Spakenburg"]
[Date "2018.07.07"]
[Round "5"]
[White "Beerdsen, Thomas"]
[Black "Timman, Jan"]
[Result "0-1"]
[WhiteElo "2469"]
[BlackElo "2555"]
[Annotator "ChessBase"]
[PlyCount "114"]
[EventDate "2018.07.07"]
[EventType "swiss"]
[EventCountry "NED"]
[SourceTitle "playchess.com"]
[Source "ChessBase"]
[SourceQuality "1"]
[TimeControl "1500"]

1. e4 {[%emt 0:00:07]} e6 {[%emt 0:00:07]} 2. d4 {[%emt 0:00:02]} d5 {[%emt 0:00:02]} 3. Nd2 {[%emt 0:00:02]} c5 {[%emt 0:00:16]} 4. exd5 {[%emt 0:00:07]} exd5 {[%emt 0:00:02]} 5. Ngf3 {[%emt 0:00:04]} Nc6 {[%emt 0:00:05]} 6. Bb5 {[%emt 0:00:07]} Bd6 {[%emt 0:00:04]} 7. O-O {[%emt 0:00:24]} cxd4 {[%emt 0:00:19]} 8. Nb3 {[%emt 0:00:48]} Nge7 {[%emt 0:00:07]} 9. Nbxd4 {[%emt 0:00:08]} O-O {[%emt 0:00:03]} 10. h3 {[%emt 0:00:17]} a6 {[%emt 0:00:18]} 11. Bd3 {[%emt 0:00:04]} Ng6 {[%emt 0:00:24]} 12. Re1 {[%emt 0:00:46]} Qc7 {[%emt 0:00:15]} 13. Bd2 {[%emt 0:00:57]} Bd7 {[%emt 0:00:10]} 14. Bc3 {[%emt 0:00:11]} Rae8 {[%emt 0:00:52]} 15. Rxe8 {[%emt 0:00:16]} Rxe8 {[%emt 0:00:02]} 16. Ng5 {[%emt 0:03:40]} Nce5 {[%emt 0:04:57]} 17. Qh5 {[%emt 0:04:04]} h6 {[%emt 0:00:02]} 18. Nxf7 {[%emt 0:00:05]} Kxf7 {[%emt 0:00:03]} 19. Re1 {[%emt 0:02:07]} Nxd3 {[%emt 0:00:55]} 20. Qxd5+ {[%emt 0:00:09]} Kf8 21. Rxe8+ Kxe8 {[%emt 0:00:21]} 22. cxd3 {[%emt 0:00:35]} Ne7 {[%emt 0:01:30]} 23. Qh5+ {[%emt 0:00:05]} Kf8 {[%emt 0:00:17]} 24. Nf3 {[%emt 0:01:18]} Bf5 {[%emt 0:01:18]} 25. Nd4 {[%emt 0:00:43]} Qd7 {[%emt 0:00:38]} 26. Qe2 {[%emt 0:00:42]} Bc5 {[%emt 0:01:32]} 27. Nf3 {[%emt 0:00:19]} Qxd3 {[%emt 0:00:13]} 28. Qe5 {[%emt 0:00:16]} Qd1+ {[%emt 0:00:02]} 29. Ne1 {[%emt 0:00:08]} Qd6 {[%emt 0:00:41]} 30. Qxg7+ {[%emt 0:00:03]} Ke8 {[%emt 0:00:01]} 31. Nf3 {[%emt 0:00:14]} Kd7 {[%emt 0:01:13]} 32. Ne5+ {[%emt 0:00:37]} Kc8 {[%emt 0:00:01]} 33. Qf8+ {[%emt 0:00:45]} Qd8 {[%emt 0:00:14]} 34. Qxh6 {[%emt 0:00:28]} Qd1+ {[%emt 0:00:02]} 35. Kh2 {[%emt 0:00:01]} Bxf2 {[%emt 0:00:12]} 36. Nf3 {[%emt 0:00:01]} Bc5 {[%emt 0:00:08]} 37. Be5 {[%emt 0:00:08]} Qd5 {[%emt 0:00:14]} 38. b4 {[%emt 0:00:16]} Bxb4 {[%emt 0:00:08]} 39. Qb6 {[%emt 0:00:01]} Qc5 {[%emt 0:00:08]} 40. Qf6 {[%emt 0:00:04]} Kd7 {[%emt 0:00:46]} 41. Bg3 {[%emt 0:00:02]} Qd5 {[%emt 0:00:26]} 42. Ne5+ {[%emt 0:00:26]} Kc8 {[%emt 0:00:11]} 43. Nf7 {[%emt 0:00:14]} Kd7 {[%emt 0:00:31]} 44. Qb6 {[%emt 0:00:18]} Ba5 {[%emt 0:00:07]} 45. Ne5+ {[%emt 0:00:09]} Ke8 {[%emt 0:00:28]} 46. Qf6 {[%emt 0:00:11]} Bc7 {[%emt 0:00:11]} 47. Qh8+ {[%emt 0:00:03]} Qg8 {[%emt 0:00:02]} 48. Qh5+ {[%emt 0:00:02]} Bg6 {[%emt 0:00:22]} 49. Qh4 {[%emt 0:00:15]} Bxe5 {[%emt 0:00:07]} 50. Bxe5 {[%emt 0:00:01]} Qe6 {[%emt 0:00:03]} 51. Bg3 {[%emt 0:00:10]} Be4 {[%emt 0:00:05]} 52. Qh8+ {[%emt 0:00:02]} Kd7 {[%emt 0:00:01]} 53. Qd4+ {[%emt 0:00:02]} Bd5 {[%emt 0:00:02]} 54. Qb2 {[%emt 0:00:08]} Nf5 {[%emt 0:00:06]} 55. Bf4 {[%emt 0:00:03]} Qe4 {[%emt 0:00:03]} 56. Qd2 {[%emt 0:00:01]} Nh4 {[%emt 0:00:09]} 57. Kg3 {[%emt 0:00:10]} Nxg2 {[%emt 0:00:06]} 0-1

[Event "FishPartners Open 2018"]
[Site "Spakenburg"]
[Date "2018.07.07"]
[Round "5"]
[White "Bosboom, Manuel"]
[Black "Van Foreest, Lucas"]
[Result "0-1"]
[WhiteElo "2403"]
[BlackElo "2488"]
[Annotator "TA"]
[PlyCount "72"]
[EventDate "2018.07.07"]
[EventType "swiss"]
[EventCountry "NED"]
[SourceTitle "playchess.com"]
[Source "ChessBase"]
[SourceQuality "1"]

{[%evp 9,72,-22,0,-5,3,-27,0,-9,-9,-22,-1,-6,-9,-12,-9,-22,-12,-10,0,-6,9,-5,-6,-8,47,50,53,53,99,22,31,30,33,31,43,28,74,26,42,0,0,-330,-330,-331,-331,-323,-304,-412,-409,-398,-398,-356,-347,-318,-265,-297,-262,-218,-263,-522,-486,-728,-709,-968,-968]} 1. c4 Nf6 2. Nf3 g6 3. b3 Bg7 4. Bb2 O-O 5. Qc2 (5. g3 d6 6. d4 Nbd7 7. Bg2 c6 8. O-O Re8 9. Nc3 e5 10. e4 exd4 11. Nxd4 Nc5 12. Re1 Ng4 13. h3 Ne5 14. Re3 Qb6 15. Nc2 a5 16. Bf1 Be6 17. Rb1 a4 18. b4 Ncd7 19. Na3 Qxb4 20. Bc1 {½-½ (41) Caruana,F (2816)-Grischuk,A (2766) Paris 2018}) 5... d6 6. d3 {A15: English Opening: 1...Nf6} e5 7. Nbd2 Nc6 8. a3 {The position is equal.} a5 9. e3 Bf5 $146 ({Predecessor:} 9... Qe7 10. h3 b6 11. g4 Bb7 12. Be2 Rfd8 {0-1 (49) Bosboom,M (2396)-Dourerassou,J (2488) Haarlem 2013}) 10. Ne4 Nxe4 11. dxe4 Be6 12. h4 Bg4 13. Nd2 Bf6 14. g3 Bg7 15. Be2 Bxe2 16. Kxe2 f5 (16... Nb8 $11) 17. h5 $14 Qg5 18. hxg6 hxg6 19. c5 (19. Rag1 $16) 19... fxe4 20. Qxe4 ({But not} 20. Nxe4 Qg4+ 21. Ke1 d5 $17) 20... Rad8 21. cxd6 cxd6 22. Qd5+ Rf7 23. Rh2 Ne7 {[%cal Bc6e7,Be7f5,Bf5e3][%mdl 32]} 24. Qe6 Nf5 {White must now prevent ...Qg4+.} 25. Rg1 $2 {[%mdl 8192]} (25. Kd3 $1 $11 Nh6 26. Rf1) 25... Qg4+ $19 26. Ke1 {[#]} Nxe3 $1 {[%csl Ge3][%cal Rg4d1][%mdl 512]} 27. Qxg4 (27. fxe3 Qxe6) 27... Nxg4 28. Rhg2 {[#]} e4 $1 {[%cal Be5e4,Be4e3][%mdl 544]} 29. Bxg7 (29. Nxe4 Bxb2) 29... Kxg7 30. Rh1 Re8 31. Nc4 e3 32. f4 Rd7 33. Rh4 {[#]} Nf6 $1 34. g4 $2 (34. Rc2) 34... b5 {Black is clearly winning.} 35. Nxa5 (35. g5 $142 Nh5 36. Nxa5) 35... Rc7 36. Rb2 Nd5 {Precision: White = 41%, Black = 61%.} 0-1

[Event "FishPartners Open 2018"]
[Site "Spakenburg"]
[Date "2018.07.07"]
[Round "5"]
[White "Kazarian, Anna-Maja"]
[Black "Van de Griendt, Jan Willem"]
[Result "1/2-1/2"]
[WhiteElo "2150"]
[BlackElo "2335"]
[Annotator "NA"]
[PlyCount "128"]
[EventDate "2018.07.07"]
[EventType "swiss"]
[EventCountry "NED"]
[SourceTitle "playchess.com"]
[Source "ChessBase"]
[SourceQuality "1"]
[TimeControl "1500"]

1. e4 {[%emt 0:00:02]} e5 {[%emt 0:00:01]} 2. Nf3 {[%emt 0:00:01]} Nc6 {[%emt 0:00:01]} 3. Bc4 {[%emt 0:00:04]} Bc5 {[%emt 0:00:21]} 4. O-O {[%emt 0:00:02]} d6 {[%emt 0:00:22]} 5. c3 {[%emt 0:00:06]} Bb6 {[%emt 0:00:44]} 6. Re1 {[%emt 0:00:57]} Nf6 {[%emt 0:00:09]} 7. d3 {[%emt 0:00:04]} h6 {[%emt 0:00:23] C54: Giuoco Piano: 4 c3 Nf6, main lines with 5 d4 and 5 d3} 8. a4 {[%emt 0:00:20]} O-O {[%emt 0:00:28]} 9. h3 {[%emt 0:00:14]} a6 {[%emt 0:01:26]} 10. b4 {[%emt 0:00:27]} (10. Nbd2 Re8 11. b4 Ba7 12. Rb1 Bd7 13. b5 axb5 14. axb5 Na5 15. Ba2 c6 16. bxc6 bxc6 {1-0 (46) Swiercz,D (2657)-Petrosian,T (2613) Las Vegas 2018}) 10... Ne7 {[%emt 0:00:07]} 11. d4 {[%emt 0:00:39]} Ng6 {[%emt 0:00:07]} 12. dxe5 $146 {[%emt 0:00:50]} ({Predecessor:} 12. Nbd2 Re8 13. Qc2 c6 14. d5 Qc7 15. Ba3 Nf4 16. dxc6 bxc6 17. Rac1 {1-0 (38) Kalvach,L (1881)-Franc,O (1598) Ricany 2008}) 12... dxe5 {[%emt 0:00:03]} 13. Qxd8 {[%emt 0:00:10]} Rxd8 {[%emt 0:00:02]} 14. Na3 {[%emt 0:00:11]} Bd7 {[%emt 0:01:24]} 15. a5 {[%emt 0:00:19]} Ba7 {[%emt 0:00:01]} 16. Bb3 {[%emt 0:00:06]} Bc6 {[%emt 0:00:12]} 17. Bc2 {[%emt 0:00:11]} Re8 {[%emt 0:00:22]} 18. Bb2 {[%emt 0:00:14]} Rad8 {[%emt 0:02:34]} 19. c4 {[%emt 0:00:49]} Nh7 {[%emt 0:01:11]} 20. b5 {[%emt 0:00:10]} Bd7 {[%emt 0:00:02]} 21. Bc3 {[%emt 0:02:18]} Nhf8 {[%emt 0:00:24]} 22. Rab1 {[%emt 0:03:08]} Bc5 {[%emt 0:00:05]} 23. Bb4 {[%emt 0:00:01]} Ne6 {[%emt 0:00:26]} 24. Red1 {[%emt 0:00:27]} f6 {[%emt 0:00:26]} 25. Bxc5 {[%emt 0:00:48]} Nxc5 {[%emt 0:00:02]} 26. Rd5 {[%emt 0:00:02]} Ne6 {[%emt 0:00:22]} 27. Rbd1 {[%emt 0:00:41]} Bc8 {[%emt 0:00:06]} 28. Bb3 {[%emt 0:00:09]} Ngf4 {[%emt 0:01:36]} 29. Rxd8 {[%emt 0:00:03]} Rxd8 {[%emt 0:00:01]} 30. Rxd8+ {[%emt 0:00:06]} Nxd8 {[%emt 0:00:02]} 31. c5+ {[%emt 0:00:52]} Kf8 {[%emt 0:00:27]} 32. Bc4 {[%emt 0:00:41]} c6 {[%emt 0:01:10]} 33. bxa6 {[%emt 0:00:32]} bxa6 {[%emt 0:00:01]} 34. Nd2 {[%emt 0:00:19]} Nfe6 {[%emt 0:00:51]} 35. Nb3 {[%emt 0:00:03]} Ke7 {[%emt 0:00:20]} 36. Nc2 {[%emt 0:00:02]} Nc7 {[%emt 0:00:15]} 37. Nb4 {[%emt 0:00:19]} Be6 {[%emt 0:03:24]} 38. Bxe6 {[%emt 0:00:37]} Kxe6 {[%emt 0:00:02]} 39. Kf1 {[%emt 0:00:07]} Kd7 {[%emt 0:00:00]} 40. Ke2 {[%emt 0:00:02]} Nde6 {[%emt 0:00:15]} 41. Ke3 {[%emt 0:01:31]} Nf4 {[%emt 0:00:14]} 42. g3 {[%emt 0:00:36]} Nxh3 {[%emt 0:00:28]} 43. f4 {[%emt 0:01:48]} exf4+ {[%emt 0:00:01]} 44. gxf4 {[%emt 0:00:01]} g5 $11 {[%emt 0:00:01]} 45. fxg5 {[%emt 0:00:26]} Nxg5 {[%emt 0:00:05]} 46. Nd4 {[%emt 0:00:10]} Nge6 {[%emt 0:00:08]} 47. Nxe6 {[%emt 0:00:04]} Nxe6 {[%emt 0:00:07]} 48. Nxa6 {[%emt 0:00:01]} h5 {[%emt 0:01:05]} 49. Nb4 {[%emt 0:00:57]} Nxc5 {[%emt 0:00:52]} 50. a6 {[%emt 0:00:01]} Na4 {[%emt 0:00:01]} 51. a7 {[%emt 0:00:15]} Nb6 {[%emt 0:00:01]} 52. Kf4 {[%emt 0:00:10]} Kc7 {[%emt 0:00:01]} 53. Kg3 {[%emt 0:00:08]} Kb7 {[%emt 0:00:06]} 54. Kh4 {[%emt 0:00:05]} c5 {[%emt 0:00:19]} 55. Nc2 {[%emt 0:00:09]} Kxa7 {[%emt 0:00:05]} 56. Kxh5 {[%emt 0:00:02]} Kb7 {[%emt 0:00:05]} 57. Kg6 {[%emt 0:00:00]} Nd7 {[%emt 0:00:01]} 58. Kf5 {[%emt 0:00:06]} Kc6 {[%emt 0:00:01]} 59. Ke6 {[%emt 0:00:02]} c4 {[%emt 0:00:06]} 60. Ne3 {[%emt 0:00:09]} c3 {[%emt 0:00:03]} 61. Nd5 {[%emt 0:00:26]} Nc5+ {[%emt 0:00:05]} 62. Kxf6 {[%emt 0:00:07]} Nxe4+ {[%emt 0:00:03]} 63. Ke5 {[%emt 0:00:00]} Kc5 {[%emt 0:00:08]} 64. Nxc3 {[%emt 0:00:02]} Nxc3 {Ke4} 1/2-1/2

[Event "FishPartners Open 2018"]
[Site "Spakenburg"]
[Date "2018.07.07"]
[Round "5"]
[White "Van Brummelen, Kevin"]
[Black "Peelen, Piet"]
[Result "1-0"]
[WhiteElo "2136"]
[BlackElo "2336"]
[Annotator "NA"]
[PlyCount "101"]
[EventDate "2018.07.07"]
[EventType "swiss"]
[EventCountry "NED"]
[SourceTitle "playchess.com"]
[Source "ChessBase"]
[SourceQuality "1"]
[TimeControl "1500"]

1. e4 {[%emt 0:00:03]} c6 {[%emt 0:00:01]} 2. c4 {[%emt 0:00:12]} d5 {[%emt 0:00:13]} 3. cxd5 {[%emt 0:00:03]} cxd5 {[%emt 0:00:01]} 4. exd5 {[%emt 0:00:02]} Nf6 {[%emt 0:00:02]} 5. Nc3 {[%emt 0:00:03]} Nxd5 {[%emt 0:00:19]} 6. d4 {[%emt 0:00:02]} e6 {[%emt 0:00:39]} 7. Nf3 {[%emt 0:00:05]} Bb4 {[%emt 0:00:02]} 8. Bd2 {[%emt 0:00:01]} Nc6 {[%emt 0:00:04]} 9. Bd3 {[%emt 0:00:09]} Be7 {[%emt 0:00:20]} 10. Nxd5 {[%emt 0:00:43] B14: Caro-Kann (Panow-Angriff)} Qxd5 {[%emt 0:00:21]} 11. Bc3 {[%emt 0:00:20]} (11. O-O Bd7 12. Bc3 O-O 13. Re1 Rfd8 14. Be4 Qh5 15. Ne5 Qxd1 16. Raxd1 Rac8 17. Nxc6 Bxc6 {½-½ (30) Fang,Y (2499)-Wang,H (2710) Hangzhou 2018}) 11... Nb4 $146 {[%emt 0:02:30]} ({Vorgänger:} 11... O-O 12. O-O Rd8 13. Re1 Qd6 14. a3 Bd7 15. Qc2 h6 16. Rad1 Rac8 17. Bh7+ Kh8 18. Be4 Bf6 19. d5 exd5 20. Rxd5 {½-½ (52) Gross,D (2465)-Kachiani Gersinska,K (2437) Germany 2000}) 12. Be2 {[%emt 0:00:40]} Bd7 {[%emt 0:00:06]} 13. a3 {[%emt 0:00:53]} Nc6 {[%emt 0:00:10]} 14. O-O {[%emt 0:00:04]} O-O {[%emt 0:00:14]} 15. Ne5 {[%emt 0:00:09]} Nxe5 {[%emt 0:03:55]} 16. dxe5 {[%emt 0:00:02]} Bc6 {[%emt 0:00:00]} 17. Qxd5 {[%emt 0:00:26]} Bxd5 {[%emt 0:00:02]} 18. f4 {[%emt 0:00:05]} Bc5+ {[%emt 0:00:28]} 19. Kh1 {[%emt 0:00:02]} Rfd8 {[%emt 0:00:49]} 20. Bf3 {[%emt 0:00:14]} Rac8 {[%emt 0:00:59]} 21. g4 {[%emt 0:03:30]} Bd4 {[%emt 0:04:43]} 22. Bxd5 {[%emt 0:02:33]} Rxd5 {[%emt 0:00:01]} 23. Bxd4 {[%emt 0:00:25]} Rxd4 {[%emt 0:00:00]} 24. Rad1 {[%emt 0:00:04]} Rcd8 {[%emt 0:00:31]} 25. Rxd4 {[%emt 0:00:13]} Rxd4 {[%emt 0:00:00]} 26. Kg2 {[%emt 0:00:02]} g5 {[%emt 0:00:09]} 27. Kg3 {[%emt 0:00:29]} Rd2 {[%emt 0:01:05]} 28. f5 {[%emt 0:00:17]} Rxb2 {[%emt 0:00:26]} 29. Rd1 {[%emt 0:00:50]} Rb3+ {[%emt 0:00:11]} 30. Kg2 {[%emt 0:00:01]} Kf8 {[%emt 0:01:06]} ({Much worse is} 30... Rxa3 31. f6 $11) 31. Rd7 {[%emt 0:02:33]} exf5 {[%emt 0:01:02]} (31... Rxa3 32. f6 $14) 32. gxf5 {[%emt 0:00:05]} h5 {[%emt 0:00:08]} 33. f6 {[%emt 0:00:38]} Kg8 $2 {[%emt 0:00:04]} (33... Ke8 $11 34. Re7+ Kf8) 34. Rd8+ {[%emt 0:00:04]} Kh7 {[%emt 0:00:00]} 35. e6 {[%emt 0:00:01]} Rb2+ {[%emt 0:00:07]} 36. Kf3 {[%emt 0:01:09]} g4+ {[%emt 0:01:06]} 37. Ke3 {[%emt 0:00:45]} Rb3+ {[%emt 0:01:35]} 38. Ke4 {[%emt 0:00:07]} fxe6 {[%emt 0:00:38]} 39. f7 {[%emt 0:00:04]} Rf3 {[%emt 0:00:01]} 40. f8=Q {[%emt 0:00:04]} Rxf8 {[%emt 0:00:01]} 41. Rxf8 {[%emt 0:00:02]} Kg6 $18 {[%emt 0:00:04]} 42. Kf4 {[%emt 0:00:18]} b5 {[%emt 0:00:08]} 43. Rb8 {[%emt 0:00:14]} e5+ {[%emt 0:00:31]} 44. Kxe5 {[%emt 0:00:19]} Kg5 {[%emt 0:00:02]} 45. Rg8+ {[%emt 0:00:08]} Kh4 {[%emt 0:00:00]} 46. Kf4 {[%emt 0:00:04]} a5 {[%emt 0:00:01]} 47. Rg5 {[%emt 0:00:35]} b4 {[%emt 0:00:01]} 48. a4 {[%emt 0:00:01]} b3 {[%emt 0:00:01]} 49. Rb5 {[%emt 0:00:01]} Kh3 {[%emt 0:00:02]} 50. Rxh5+ {[%emt 0:00:03]} Kg2 {[%emt 0:00:01]} 51. Kxg4 1-0

[Event "FishPartners Open 2018"]
[Site "Spakenburg"]
[Date "2018.07.07"]
[Round "6"]
[White "Van Foreest, Lucas"]
[Black "Nijboer, Friso"]
[Result "1-0"]
[WhiteElo "2488"]
[BlackElo "2495"]
[Annotator "ChessBase"]
[PlyCount "127"]
[EventDate "2018.07.07"]
[EventType "swiss"]
[EventCountry "NED"]
[SourceTitle "playchess.com"]
[Source "ChessBase"]
[SourceQuality "1"]
[TimeControl "1500"]

1. e4 c5 2. Nf3 d6 3. d4 cxd4 4. Nxd4 Nf6 5. Nc3 a6 6. Be3 e5 7. Nf3 Qc7 8. a4 Be7 9. a5 Nbd7 10. Nd2 Nc5 11. b4 Ne6 12. Bc4 Nd4 13. O-O Be6 14. Nd5 Bxd5 15. exd5 O-O 16. c3 Nf5 17. Bb6 Qd7 18. Qe2 Bd8 19. Bxd8 Rfxd8 20. Bd3 Nxd5 21. Qf3 Nde7 22. Nc4 Qe6 23. Nb6 Rab8 24. Rad1 d5 25. Bxf5 Qxf5 26. Qxf5 Nxf5 27. Nxd5 f6 28. Nb6 Kf7 29. Nd7 Rbc8 30. Nc5 Nd6 31. Rd5 Ke7 32. Rfd1 h5 33. Kf1 Rc7 34. f4 Nf7 35. Rxd8 Nxd8 36. fxe5 fxe5 37. Rd5 Nf7 38. Ke2 Kf6 39. Ke3 Kf5 40. Rd1 Re7 41. Rd2 h4 42. c4 g5 43. Ne4 Ke6 44. Rf2 Rc7 45. Rf6+ Ke7 46. Rb6 Nd8 47. Nc5 Rc6 48. Ke4 Rxb6 49. axb6 Kd6 50. Kf5 Kc6 51. Kxg5 a5 52. Na4 axb4 53. Kf5 Nf7 54. Nb2 Kxb6 55. Ke6 Nd8+ 56. Kd5 b3 57. g4 hxg3 58. hxg3 Ka5 59. g4 Kb4 60. g5 Kc3 61. Na4+ Kb4 62. Nc5 b6 63. Nxb3 Kxb3 64. g6 1-0

[Event "FishPartners Open 2018"]
[Site "Spakenburg"]
[Date "2018.07.07"]
[Round "6"]
[White "Lai, Hing Ting"]
[Black "Beerdsen, Thomas"]
[Result "0-1"]
[WhiteElo "2447"]
[BlackElo "2469"]
[Annotator "ChessBase"]
[PlyCount "152"]
[EventDate "2018.07.07"]
[EventType "swiss"]
[EventCountry "NED"]
[SourceTitle "playchess.com"]
[Source "ChessBase"]
[SourceQuality "1"]
[TimeControl "1500"]

1. d4 {[%emt 0:00:01]} e6 {[%emt 0:00:01]} 2. Nf3 {[%emt 0:00:01]} c5 {[%emt 0:00:01]} 3. dxc5 {[%emt 0:00:43]} Bxc5 {[%emt 0:00:06]} 4. e4 {[%emt 0:00:05]} Qb6 {[%emt 0:00:42]} 5. Qd2 {[%emt 0:00:05]} Nf6 {[%emt 0:00:12]} 6. Bd3 {[%emt 0:00:01]} Nc6 {[%emt 0:01:05]} 7. O-O {[%emt 0:01:20]} O-O {[%emt 0:01:32]} 8. e5 {[%emt 0:01:04]} Ng4 {[%emt 0:00:48]} 9. Qe2 {[%emt 0:00:16]} Qc7 {[%emt 0:02:17]} 10. Qe4 {[%emt 0:02:56]} f5 {[%emt 0:00:05]} 11. exf6 {[%emt 0:00:08]} Nxf6 {[%emt 0:00:02]} 12. Qh4 {[%emt 0:00:02]} d5 {[%emt 0:01:33]} 13. Nc3 {[%emt 0:01:29]} a6 {[%emt 0:01:43]} 14. a3 {[%emt 0:01:15]} h6 {[%emt 0:00:20]} 15. Rd1 {[%emt 0:01:02]} Qf7 {[%emt 0:00:40]} 16. Qg3 {[%emt 0:02:36]} Nh5 {[%emt 0:01:40]} 17. Qg6 {[%emt 0:02:57]} Qxg6 {[%emt 0:00:24]} 18. Bxg6 {[%emt 0:00:01]} Nf4 {[%emt 0:00:01]} 19. Bxf4 {[%emt 0:00:35]} Rxf4 {[%emt 0:00:01]} 20. Ne2 {[%emt 0:01:19]} Rf6 {[%emt 0:00:07]} 21. Bh5 {[%emt 0:00:02]} b5 {[%emt 0:00:35]} 22. c3 {[%emt 0:00:37]} Bb7 {[%emt 0:00:04]} 23. Ned4 {[%emt 0:00:11]} Kf8 {[%emt 0:02:31]} 24. Rd2 {[%emt 0:00:15]} Ke7 {[%emt 0:00:10]} 25. Re1 {[%emt 0:00:09]} Kd6 {[%emt 0:00:10]} 26. Bg4 {[%emt 0:00:19]} Re8 {[%emt 0:00:16]} 27. Rde2 {[%emt 0:00:45]} Bc8 {[%emt 0:00:51]} 28. g3 {[%emt 0:00:36]} Nxd4 {[%emt 0:00:43]} 29. cxd4 {[%emt 0:00:05]} Bb6 {[%emt 0:00:02]} 30. Kg2 {[%emt 0:00:02]} g6 {[%emt 0:00:14]} 31. h4 {[%emt 0:00:01]} Ref8 {[%emt 0:00:32]} 32. h5 {[%emt 0:00:07]} g5 {[%emt 0:00:08]} 33. Rd1 {[%emt 0:00:09]} Bd7 {[%emt 0:00:13]} 34. Ne5 {[%emt 0:00:00]} Be8 {[%emt 0:00:01]} 35. Nf3 {[%emt 0:00:27]} R8f7 36. Rde1 Re7 {[%emt 0:00:21]} 37. Rc2 {[%emt 0:00:06]} Bd7 38. Rd1 Bc6 {[%emt 0:00:25]} 39. Ne5 {[%emt 0:00:04]} Bb7 {[%emt 0:00:01]} 40. Re2 {[%emt 0:00:07]} Rc7 {[%emt 0:00:07]} 41. Nf3 {[%emt 0:00:03]} Rc4 {[%emt 0:00:07]} 42. Rde1 {[%emt 0:00:00]} Bc8 {[%emt 0:00:01]} 43. Rd1 {[%emt 0:00:02]} a5 {[%emt 0:00:05]} 44. Red2 {[%emt 0:00:08]} Kc7 {[%emt 0:00:05]} 45. Ne5 {[%emt 0:00:01]} Bb7 {[%emt 0:00:08]} 46. Be2 {[%emt 0:00:05]} Kd6 {[%emt 0:00:08]} 47. Ng4 {[%emt 0:00:01]} Rf7 {[%emt 0:00:06]} 48. Nxh6 {[%emt 0:00:02]} Rh7 {[%emt 0:00:01]} 49. Ng4 {[%emt 0:00:11]} Rxh5 {[%emt 0:00:01]} 50. Ne5 {[%emt 0:00:06]} Rh7 {[%emt 0:00:05]} 51. Nxc4+ {[%emt 0:00:01]} dxc4+ {[%emt 0:00:01]} 52. Bf3 {[%emt 0:00:01]} Bd5 {[%emt 0:00:04]} 53. Re2 {[%emt 0:00:01]} b4 {[%emt 0:00:08]} 54. axb4 {[%emt 0:00:01]} axb4 {[%emt 0:00:01]} 55. Re5 {[%emt 0:00:03]} c3 {[%emt 0:00:05]} 56. bxc3 {[%emt 0:00:01]} bxc3 {[%emt 0:00:01]} 57. Bxd5 {[%emt 0:00:17]} exd5 {[%emt 0:00:02]} 58. Rxg5 {[%emt 0:00:04]} Rf7 {[%emt 0:00:35]} 59. Rg6+ {[%emt 0:00:02]} Kc7 {[%emt 0:00:01]} 60. Rg5 {[%emt 0:00:31]} Kc6 {[%emt 0:00:15]} 61. Rd3 {[%emt 0:00:06]} Bxd4 {[%emt 0:00:03]} 62. Rg6+ {[%emt 0:00:27]} Kc5 {[%emt 0:00:06]} 63. Rg8 {[%emt 0:00:00]} Rxf2+ {[%emt 0:00:11]} 64. Kh3 {[%emt 0:00:00]} Kc4 65. Rd1 {[%emt 0:00:01]} c2 {[%emt 0:00:11]} 66. Rc8+ {[%emt 0:00:00]} Bc5 {[%emt 0:00:07]} 67. Ra1 {[%emt 0:00:09]} d4 {[%emt 0:00:04]} 68. Kg4 {[%emt 0:00:08]} Rf8 {[%emt 0:00:27]} 69. Rc7 {[%emt 0:00:02]} Rg8+ {[%emt 0:00:04]} 70. Kf3 {[%emt 0:00:02]} d3 {[%emt 0:00:03]} 71. Rd7 {[%emt 0:00:01]} Rf8+ 72. Ke4 Re8+ {[%emt 0:00:07]} 73. Kf3 {[%emt 0:00:01]} Bd4 {[%emt 0:00:03]} 74. Ra4+ {[%emt 0:00:11]} Kb5 {[%emt 0:00:01]} 75. Rdxd4 {[%emt 0:00:06]} c1=Q {[%emt 0:00:04]} 76. Rab4+ Kc5 {[%emt 0:00:01] Ke3 Qxe3} 0-1

[Event "FishPartners Open 2018"]
[Site "Spakenburg"]
[Date "2018.07.07"]
[Round "6"]
[White "Van de Griendt, Jan Willem"]
[Black "Dekker, Theo"]
[Result "1-0"]
[WhiteElo "2335"]
[BlackElo "2031"]
[Annotator "NA"]
[PlyCount "50"]
[EventDate "2018.07.07"]
[EventType "swiss"]
[EventCountry "NED"]
[SourceTitle "playchess.com"]
[Source "ChessBase"]
[SourceQuality "1"]
[TimeControl "1500"]

1. d4 {[%emt 0:00:03]} Nf6 {[%emt 0:00:06]} 2. c4 {[%emt 0:00:01]} c5 {[%emt 0:00:02]} 3. d5 {[%emt 0:00:01]} b5 {[%emt 0:00:01]} 4. cxb5 {[%emt 0:00:00]} a6 {[%emt 0:00:00]} 5. e3 {[%emt 0:00:01]} d6 {[%emt 0:00:11]} 6. Nc3 {[%emt 0:00:03]} g6 {[%emt 0:00:05]} 7. Nf3 {[%emt 0:00:01]} Bg7 {[%emt 0:00:02]} 8. e4 {[%emt 0:00:10]} O-O {[%emt 0:00:25]} 9. a4 {[%emt 0:00:16]} axb5 {[%emt 0:00:49]} 10. Bxb5 {[%emt 0:00:02]} Ba6 {[%emt 0:00:11]} 11. Bg5 {[%emt 0:00:28]} Nbd7 {[%emt 0:00:14]} 12. O-O {[%emt 0:00:08]} Bxb5 {[%emt 0:00:57]} 13. axb5 {[%emt 0:00:02]} h6 {[%emt 0:00:09]} 14. Bf4 {[%emt 0:00:28]} Nh5 {[%emt 0:00:49]} 15. Bd2 {[%emt 0:01:38]} Qc7 {[%emt 0:01:30]} 16. Qe2 {[%emt 0:00:09]} Ra7 {[%emt 0:01:56]} 17. Ra6 {[%emt 0:01:58]} Rxa6 {[%emt 0:03:06]} 18. bxa6 {[%emt 0:00:02]} Rc8 {[%emt 0:00:08]} 19. Ra1 {[%emt 0:00:12]} Qb6 {[%emt 0:00:29]} 20. Ra2 {[%emt 0:05:24]} c4 {[%emt 0:00:43]} 21. Be3 {[%emt 0:00:09]} Qb3 {[%emt 0:00:21]} 22. Nd2 {[%emt 0:00:41]} Qb4 {[%emt 0:01:07]} 23. a7 {[%emt 0:00:07]} Qb7 {[%emt 0:00:35]} 24. Qxc4 {[%emt 0:00:24]} Rxc4 {[%emt 0:00:28]} 25. a8=Q+ {[%emt 0:00:04]} Rc8 1-0